=LDR 00000nam 2200000 4500 =001 INLIS000000000031939 =005 20130612133958 =008 ***********************************ind** =035 ##$$a0010-061300000031939 =041 ##$$a ind =082 ##$$a 372.3 =090 ##$$a 372.3, Ens e =245 ##$$a Ensiklopedi Tokoh Sains, Mehel Faraday =260 ##$$a 2008 $b Bandung =300 ##$$a 64 hlm, Ilus, 21 cm =650 ##$$a Pendidikan dasar-Tokoh Sains =700 ##$$a Dharma, Muthia =850 ##$$a NBPNMAT =990 ##$$a 21400613/BPAP-NTB/20142014